[Event "Frederica Chess WIM 2022"]
[Site "Fredericia"]
[Date "2022.05.29"]
[Round "9.3"]
[White "Goossens, Hanne"]
[Black "Andersson, Christin"]
[Result "0-1"]
[WhiteElo "2184"]
[BlackElo "2028"]
[PlyCount "122"]
[EventDate "2022.05.25"]
[EventType "tourn"]
[EventRounds "10"]
[EventCountry "DEN"]

1. e4 e6 2. d4 d5 3. Nd2 Nf6 4. e5 Nfd7 5. Bd3 c5 6. c3 Nc6 7. Ne2 Qb6 8. Nf3
f6 9. exf6 Nxf6 10. O-O Bd6 11. Bf4 Bxf4 12. Nxf4 c4 13. Bc2 Qxb2 14. Qe2 Ne4
15. Rfb1 Qxc3 16. Bxe4 dxe4 17. Qxe4 O-O 18. Ng5 Rf5 19. Nf3 Bd7 20. Nxe6 Qd3
21. Qxd3 cxd3 22. Nc5 Nxd4 23. Nxd7 Nc2 24. Nde5 Rd8 25. Rd1 Nxa1 26. Rxa1 b5
27. Rd1 Rd5 28. Nxd3 a5 29. Kf1 Rf6 30. Ke2 Re6+ 31. Kd2 b4 32. Rc1 h6 33. Rc7
Rg6 34. g3 Rf6 35. Ke3 Rxd3+ 36. Kxd3 Rxf3+ 37. Ke2 Ra3 38. Rc2 Kf7 39. h4 Ke6
40. Rd2 Ke5 41. f3 a4 42. Rb2 b3 43. axb3 Rxb3 44. Rd2 Rb6 45. Rd7 Ra6 46. f4+
Kf6 47. Rd2 a3 48. Ra2 Ra4 49. Kf3 h5 50. Kf2 Ke6 51. Ke3 Kd5 52. Kd3 Ra7 53.
f5 Ke5 54. Ke3 Kxf5 55. Kf3 Ra4 56. Ke3 Ke5 57. Kf3 Kd5 58. Ke3 Kc4 59. Kd2 Kb3
60. Rc2 a2 61. Rc3+ Kb4 0-1

[Event "Frederica Chess WIM 2022"]
[Site "Fredericia"]
[Date "2022.05.29"]
[Round "10.1"]
[White "Doluhanova, Evgeniya"]
[Black "Goossens, Hanne"]
[Result "1-0"]
[WhiteElo "2270"]
[BlackElo "2184"]
[PlyCount "119"]
[EventDate "2022.05.25"]
[EventType "tourn"]
[EventRounds "10"]
[EventCountry "DEN"]

1. e4 c5 2. Nf3 Nc6 3. Bb5 e5 4. O-O Bd6 5. c3 a6 6. Bc4 Nf6 7. d4 cxd4 8. cxd4
Nxd4 9. Nxd4 exd4 10. Re1 Qc7 11. e5 Bxe5 12. f4 Qxc4 13. Rxe5+ Kf8 14. b3 Qc6
15. Ba3+ Kg8 16. Qxd4 d6 17. Re7 Be6 18. Nc3 Rd8 19. Qb4 b5 20. Qa5 Rc8 21. Rc1
h6 22. Ra7 Bh3 23. gxh3 Qf3 24. Re7 Qxh3 25. Re2 Qg4+ 26. Rg2 Qxf4 27. Qb6 Rc5
28. Rf1 Qe3+ 29. Kh1 Rxc3 30. Qxd6 Nh5 31. Qf8+ Kh7 32. Qxf7 Qe8 33. Qf5+ Kg8
34. Bc5 Qc6 35. b4 Qe8 36. Qd5+ Kh7 37. Qf5+ Kg8 38. a3 Rc4 39. Qd5+ Kh7 40.
Qf5+ Kg8 41. Kg1 Rc3 42. Qd5+ Kh7 43. Qf5+ Kg8 44. Qb1 Rxc5 45. bxc5 Qe3+ 46.
Kh1 Nf4 47. Qa2+ Kh7 48. Qc2+ Kg8 49. Rgf2 g5 50. Rxf4 gxf4 51. Qg6+ Kf8 52.
Qf6+ Ke8 53. Qxh8+ Ke7 54. Qg7+ Ke8 55. Qg6+ Ke7 56. Qd6+ Ke8 57. Qxf4 Qxc5 58.
Qf7+ Kd8 59. Rd1+ Kc8 60. Qe6+ 1-0

[Event "Frederica Chess WIM 2022"]
[Site "Fredericia"]
[Date "2022.05.29"]
[Round "10.2"]
[White "Andersson, Christin"]
[Black "Dwilewicz, Katarzyna"]
[Result "1/2-1/2"]
[WhiteElo "2028"]
[BlackElo "2079"]
[PlyCount "133"]
[EventDate "2022.05.25"]
[EventType "tourn"]
[EventRounds "10"]
[EventCountry "DEN"]

1. e4 c5 2. Nf3 e6 3. d4 cxd4 4. Nxd4 Nc6 5. Nc3 Qc7 6. a3 a6 7. Nxc6 bxc6 8.
Qf3 Nf6 9. Bd3 Be7 10. O-O d5 11. Bf4 e5 12. Bg5 d4 13. Bxf6 Bxf6 14. Ne2 Qe7
15. Nxd4 Qc7 16. Nf5 g6 17. Ne3 Bg7 18. Rad1 O-O 19. Bc4 Rb8 20. Bb3 a5 21. Qe2
Qa7 22. a4 Rb4 23. Qf3 Qe7 24. Rfe1 h5 25. h3 Ba6 26. Nf1 Bh6 27. Qc3 Rc8 28.
Nd2 Kh7 29. Nc4 Bxc4 30. Bxc4 Rxa4 31. Ra1 Rxa1 32. Rxa1 Rd8 33. Qxa5 Rd2 34.
Qc3 Qc5 35. Rf1 Rxf2 36. Rxf2 Be3 37. Bxf7 Bxf2+ 38. Kf1 Qxc3 39. bxc3 Be3 40.
Ke2 Bg1 41. Kd3 Kg7 42. Be8 c5 43. Kc4 Kf6 44. Kd5 h4 45. Kc4 Bf2 46. Kd3 Be1
47. Bd7 Kg5 48. Be8 Kf6 49. Kc4 Bf2 50. Bd7 Ke7 51. Bg4 Kf6 52. Kd3 Be1 53. Bc8
Kg5 54. Bg4 Kf4 55. Bf3 g5 56. Bg4 Kg3 57. Bf5 Kf4 58. Be6 Kg3 59. Kc4 Bf2 60.
Kd5 Kf4 61. Bf5 Be3 62. Bg4 Bg1 63. Bf3 Be3 64. Be2 Bg1 65. Bg4 Be3 66. Bf3 Bg1
67. Bg4 1/2-1/2

[Event "Frederica Chess WIM 2022"]
[Site "Fredericia"]
[Date "2022.05.29"]
[Round "10.3"]
[White "Lach, Aleksandra"]
[Black "Durrfeld, Sofie Bech"]
[Result "1-0"]
[WhiteElo "2202"]
[BlackElo "1773"]
[PlyCount "63"]
[EventDate "2022.05.25"]
[EventType "tourn"]
[EventRounds "10"]
[EventCountry "DEN"]

1. e4 c5 2. Nc3 d6 3. Nge2 g6 4. g3 Bg7 5. Bg2 Nc6 6. d3 Nf6 7. h3 Bd7 8. Be3
O-O 9. Qd2 Rb8 10. Bh6 b5 11. Bxg7 Kxg7 12. O-O e6 13. g4 b4 14. Nd1 Qc7 15.
Ne3 Rfd8 16. Ng3 h6 17. f4 Bc8 18. Qf2 Bb7 19. h4 Rh8 20. f5 Rbf8 21. g5 hxg5
22. hxg5 Nh5 23. Nxh5+ Rxh5 24. fxe6 d5 25. Qf6+ Kh7 26. Qxf7+ Rxf7 27. Rxf7+
Qxf7 28. exf7 Kg7 29. Rf1 Kf8 30. Nxd5 Ne5 31. Nf4 Rh8 32. Ne6+ 1-0